[Event "Open C"]
[Site "Polanica-Zdroj"]
[Date "2017.08.19"]
[Round "3.7"]
[White "Bakalarz, Leszek"]
[Black "Burzak, Wojciech"]
[Result "1/2-1/2"]
[BlackElo "1687"]
[WhiteElo "1972"]
[LiveChessVersion "1.4.8"]

1. e4 {[%clk 1:30:30]} c5 {[%clk 1:24:47]} 2. Nf3 {[%clk 1:30:52]} e6
{[%clk 1:25:12]} 3. d4 {[%clk 1:31:16]} cxd4 {[%clk 1:25:38]} 4. Nxd4
{[%clk 1:31:43]} a6 {[%clk 1:26:05]} 5. Bd3 {[%clk 1:32:00]} Nf6 {[%clk 1:26:29]}
6. O-O {[%clk 1:32:19]} Qc7 {[%clk 1:26:57]} 7. Qe2 {[%clk 1:32:24]} Bc5
{[%clk 1:27:21]} 8. Nb3 {[%clk 1:32:08]} Be7 {[%clk 1:27:45]} 9. e5
{[%clk 1:32:16]} Nd5 {[%clk 1:27:48]} 10. c4 {[%clk 1:24:07]} Nb4
{[%clk 1:26:02]} 11. Bf4 {[%clk 1:24:21]} Nxd3 {[%clk 1:24:08]} 12. Qxd3
{[%clk 1:24:49]} Nc6 {[%clk 1:24:11]} 13. Re1 {[%clk 1:24:32]} b6
{[%clk 1:22:29]} 14. a3 {[%clk 1:17:45]} Bb7 {[%clk 1:19:32]} 15. Nc3
{[%clk 1:12:38]} O-O {[%clk 1:19:09]} 16. Qg3 {[%clk 1:05:06]} Rfd8
{[%clk 1:17:13]} 17. Ne4 {[%clk 1:00:50]} Kh8 {[%clk 1:07:50]} 18. Rad1
{[%clk 0:59:30]} Na5 {[%clk 1:07:02]} 19. Nxa5 {[%clk 0:54:56]} Bxe4
{[%clk 1:04:32]} 20. Rxe4 {[%clk 0:55:06]} bxa5 {[%clk 1:04:51]} 21. Bg5
{[%clk 0:30:13]} Bxg5 {[%clk 1:01:49]} 22. Qxg5 {[%clk 0:30:40]} Qb7
{[%clk 0:58:23]} 23. Rg4 {[%clk 0:29:59]} g6 {[%clk 0:56:41]} 24. h4
{[%clk 0:18:35]} Qxb2 {[%clk 0:53:26]} 25. h5 {[%clk 0:18:04]} Qc2
{[%clk 0:53:16]} 26. Rgd4 {[%clk 0:13:20]} Qf5 {[%clk 0:50:51]} 27. Qxf5
{[%clk 0:10:11]} gxf5 {[%clk 0:49:47]} 28. Rxd7 {[%clk 0:10:28]} Rxd7
{[%clk 0:49:55]} 29. Rxd7 {[%clk 0:10:57]} Kg7 {[%clk 0:50:16]} 30. Kf1
{[%clk 0:04:35]} Rc8 {[%clk 0:50:05]} 31. Rd4 {[%clk 0:05:03]} Rc5
{[%clk 0:50:14]} 32. f4 {[%clk 0:05:31]} Kh6 {[%clk 0:50:14]} 33. Ke2
{[%clk 0:05:35]} Kxh5 {[%clk 0:50:07]} 34. Kd3 {[%clk 0:04:05]} Kg4
{[%clk 0:49:56]} 35. Rd7 {[%clk 0:04:25]} Kxf4 {[%clk 0:50:10]} 36. Kd4
{[%clk 0:04:11]} Rc8 {[%clk 0:50:13]} 37. c5 {[%clk 0:02:31]} h5 {[%clk 0:49:44]}
38. Rxf7 {[%clk 0:01:32]} Rd8+ {[%clk 0:49:54]} 39. Kc4 {[%clk 0:02:01]} Kxe5
{[%clk 0:50:14]} 40. Ra7 {[%clk 0:00:44]} Rd4+ {[%clk 0:49:50]} 41. Kc3
{[%clk 0:01:13]} Rd5 {[%clk 0:49:01]} 42. Kc4 {[%clk 0:01:42]} Rd4+
{[%clk 0:48:46]} 43. Kc3 {[%clk 0:02:11]} Rd5 {[%clk 0:48:15]} 44. Kc4
{[%clk 0:02:30]} 1/2-1/2

[Event "Open C"]
[Site "Polanica-Zdroj"]
[Date "2017.08.19"]
[Round "3.9"]
[White "Wieczorek, Mikolaj"]
[Black "Darowicki, Mariusz"]
[Result "0-1"]
[BlackElo "1942"]
[WhiteElo "1533"]
[LiveChessVersion "1.4.8"]

1. e4 e6 2. d4 d5 3. Nd2 c5 4. exd5 exd5 5. Ngf3 Nf6 6. Bb5+ Bd7 7. Qe2+ Be7 8.
dxc5 O-O 9. Nb3 Ne4 10. Be3 Bxc5 11. Bxd7 Bxe3 12. Qxe3 Nxd7 13. O-O Ndf6 14.
Rad1 Qc7 15. c3 a5 16. Nbd4 Rfe8 17. Qd3 Ra6 18. Nb5 Qb8 19. Rfe1 Rae6 20. Nbd4
Rb6 21. Re2 Nh5 22. g3 Rg6 23. Nh4 Nf4 24. Qf3 Nxe2+ 25. Nxe2 Rf6 26. Nf4 Re5 27.
Nhg2 g6 28. c4 dxc4 29. Qg4 Qa7 30. Rd8+ Kg7 31. Ne3 Nxf2 32. Qc8 Nh3+ 33. Qxh3
Qxe3+ 34. Kg2 Rxf4 35. gxf4 Qe2+ 36. Kg1 Qe1+ 37. Qf1 Qxf1+ 38. Kxf1 Re4 39. Rb8
Rxf4+ 40. Ke2 Rh4 41. Rxb7 Rxh2+ 42. Ke3 Rc2 43. Kd4 h5 44. Rb5 h4 45. Rxa5 h3
46. Re5 Rxb2 47. Kxc4 Rxa2 48. Kd3 h2 49. Re1 f5 50. Ke3 g5 51. Kf3 Kf6 52. Kg3
f4+ 53. Kg4 Rg2+ 54. Kh3 Rg1 0-1

[Event "Open C"]
[Site "Polanica-Zdroj"]
[Date "2017.08.19"]
[Round "3.10"]
[White "Bartoszewicz, Marcin"]
[Black "Hasterok, Mateusz"]
[Result "1-0"]
[BlackElo "1677"]
[WhiteElo "1875"]
[LiveChessVersion "1.4.8"]

1. e4 {[%clk 1:30:42]} c5 {[%clk 1:30:56]} 2. Nf3 {[%clk 1:30:53]} Nc6
{[%clk 1:31:21]} 3. d4 {[%clk 1:30:22]} cxd4 {[%clk 1:31:46]} 4. Nxd4
{[%clk 1:30:36]} Qb6 {[%clk 1:32:10]} 5. Nb3 {[%clk 1:30:33]} Nf6
{[%clk 1:32:30]} 6. Nc3 {[%clk 1:30:31]} e6 {[%clk 1:32:43]} 7. Qe2
{[%clk 1:30:38]} Bb4 {[%clk 1:29:04]} 8. Bd2 {[%clk 1:30:54]} Qc7
{[%clk 1:23:18]} 9. a3 {[%clk 1:30:07]} Be7 {[%clk 1:23:27]} 10. g4
{[%clk 1:26:28]} d6 {[%clk 1:19:23]} 11. f4 {[%clk 1:23:56]} a6 {[%clk 1:13:34]}
12. Bg2 {[%clk 1:21:27]} b5 {[%clk 1:08:31]} 13. O-O {[%clk 1:11:04]} Bb7
{[%clk 1:06:12]} 14. g5 {[%clk 1:06:59]} Nd7 {[%clk 1:01:58]} 15. a4
{[%clk 0:55:29]} b4 {[%clk 1:00:33]} 16. Na2 {[%clk 0:54:47]} a5 {[%clk 0:59:56]}
17. Qf2 {[%clk 0:52:32]} Ba6 {[%clk 0:50:46]} 18. Rfe1 {[%clk 0:44:35]} Nb6
{[%clk 0:45:47]} 19. c3 {[%clk 0:36:18]} Bc4 {[%clk 0:43:23]} 20. Nac1
{[%clk 0:33:47]} h6 {[%clk 0:34:09]} 21. g6 {[%clk 0:30:05]} fxg6
{[%clk 0:30:02]} 22. Qg3 {[%clk 0:29:53]} g5 {[%clk 0:27:46]} 23. fxg5
{[%clk 0:29:48]} O-O-O {[%clk 0:27:40]} 24. cxb4 {[%clk 0:28:45]} Nxb4
{[%clk 0:27:51]} 25. Nd4 {[%clk 0:25:31]} e5 {[%clk 0:26:23]} 26. Bxb4
{[%clk 0:25:39]} axb4 {[%clk 0:26:37]} 27. Bh3+ {[%clk 0:25:17]} Kb7
{[%clk 0:26:31]} 28. Ne6 {[%clk 0:25:18]} Bxe6 {[%clk 0:26:54]} 29. Bxe6
{[%clk 0:25:44]} Bxg5 {[%clk 0:26:17]} 30. a5 {[%clk 0:25:45]} Nd7
{[%clk 0:26:03]} 31. Nd3 {[%clk 0:25:09]} Rhf8 {[%clk 0:23:46]} 32. Kh1
{[%clk 0:22:18]} Bd2 {[%clk 0:21:26]} 33. Re2 {[%clk 0:21:18]} Bf4
{[%clk 0:21:08]} 34. Qg1 {[%clk 0:18:23]} Nf6 {[%clk 0:17:18]} 35. Nxb4
{[%clk 0:18:21]} g5 {[%clk 0:14:58]} 36. Rc2 {[%clk 0:18:36]} Qh7
{[%clk 0:14:22]} 37. Qb6+ {[%clk 0:17:12]} Ka8 {[%clk 0:14:50]} 38. Qa6+
{[%clk 0:16:22]} Qa7 {[%clk 0:15:12]} 39. Qxa7+ {[%clk 0:16:36]} Kxa7
{[%clk 0:15:37]} 40. Nc6+ {[%clk 0:17:00]} Ka8 {[%clk 0:15:33]} 41. Nxd8
{[%clk 0:17:09]} Rxd8 {[%clk 0:16:02]} 42. a6 {[%clk 0:17:13]} Be3
{[%clk 0:16:15]} 43. Rc7 {[%clk 0:17:07]} Kb8 {[%clk 0:16:07]} 44. Rf7
{[%clk 0:17:08]} 1-0

[Event "Open C"]
[Site "Polanica-Zdroj"]
[Date "2017.08.19"]
[Round "3.11"]
[White "Cichocki, Konrad"]
[Black "Lichorad, Mateusz"]
[Result "1/2-1/2"]
[BlackElo "1667"]
[WhiteElo "1857"]
[LiveChessVersion "1.4.8"]

1. c4 e5 2. Nc3 Nc6 3. g3 d6 4. Bg2 g6 5. d3 Bg7 6. Nf3 h6 7. O-O Nge7 8. e4 O-O
9. Be3 Be6 10. Qd2 Kh7 11. c5 Nd4 12. cxd6 Nxf3+ 13. Bxf3 cxd6 14. d4 a6 15. d5
Bd7 16. a4 f5 17. Be2 fxe4 18. Nxe4 Bh3 19. Rfc1 Nf5 20. Qb4 Qe7 21. Ra3 Nd4 22.
Bxd4 exd4 23. f3 Rfd8 24. Rb3 Rd7 25. Qd2 Rf8 26. Bf1 Bxf1 27. Rxf1 Qe5 28. Qa5
Rf5 29. Re1 Qxd5 30. Qxd5 Rxd5 31. Rd3 Ra5 32. b3 d5 33. Nd2 Rc5 34. Rd1 Rc3 35.
Nb1 Rxd3 36. Rxd3 Rc7 37. Kf2 Kg8 38. f4 Kf7 39. g4 Bf6 40. Nd2 Bh4+ 41. Kf3 Bf6
42. Kf2 g5 43. f5 Be5 44. Nf3 Rc2+ 45. Rd2 Rc3 1/2-1/2

[Event "Open C"]
[Site "Polanica-Zdroj"]
[Date "2017.08.19"]
[Round "3.12"]
[White "Wojcik, Grzegorz"]
[Black "Dzieczkaniec, Piotr"]
[Result "0-1"]
[BlackElo "1856"]
[WhiteElo "1522"]
[LiveChessVersion "1.4.8"]

1. d4 {[%clk 1:30:58]} Nf6 {[%clk 1:09:21]} 2. c4 {[%clk 1:31:22]} e6
{[%clk 1:09:36]} 3. Nc3 {[%clk 1:31:42]} d5 {[%clk 1:09:58]} 4. g3
{[%clk 1:32:04]} Bb4 {[%clk 1:09:53]} 5. a3 {[%clk 1:32:06]} Bxc3+
{[%clk 1:10:17]} 6. bxc3 {[%clk 1:32:30]} O-O 7. Bg2 c5 {[%clk 1:09:08]} 8. Nf3
{[%clk 1:29:45]} Qa5 {[%clk 1:07:54]} 9. Qc2 {[%clk 1:28:35]} cxd4
{[%clk 1:07:17]} 10. Nxd4 {[%clk 1:28:13]} Nc6 {[%clk 1:07:22]} 11. O-O
{[%clk 1:27:03]} Bd7 {[%clk 1:07:14]} 12. cxd5 {[%clk 1:25:26]} Nxd5
{[%clk 1:07:04]} 13. Bd2 {[%clk 1:23:40]} Rac8 {[%clk 1:03:00]} 14. Nxc6
{[%clk 1:22:38]} Rxc6 {[%clk 1:02:49]} 15. Qd3 {[%clk 1:14:54]} Qc5
{[%clk 0:59:37]} 16. Rfc1 {[%clk 1:13:25]} Qc4 {[%clk 0:55:43]} 17. Qf3
{[%clk 1:07:38]} Rb6 {[%clk 0:52:57]} 18. Bf1 {[%clk 1:03:29]} Rb2
{[%clk 0:41:42]} 19. e4 {[%clk 1:03:28]} Qc7 {[%clk 0:38:08]} 20. Bg5
{[%clk 0:50:46]} f6 {[%clk 0:37:57]} 21. Bh4 {[%clk 0:44:51]} Ne7
{[%clk 0:30:47]} 22. g4 {[%clk 0:44:49]} Ng6 {[%clk 0:29:20]} 23. Bg3
{[%clk 0:44:26]} e5 {[%clk 0:29:37]} 24. c4 {[%clk 0:42:42]} Qc5 {[%clk 0:25:28]}
25. Qc3 {[%clk 0:40:49]} Rb6 {[%clk 0:25:35]} 26. h3 {[%clk 0:38:36]} Rc8
{[%clk 0:25:05]} 27. Rc2 {[%clk 0:37:02]} Ba4 {[%clk 0:25:14]} 28. Rb2
{[%clk 0:35:31]} Rxb2 {[%clk 0:24:46]} 29. Qxb2 {[%clk 0:35:58]} b6
{[%clk 0:24:34]} 30. Qb4 {[%clk 0:32:05]} Bc6 {[%clk 0:19:56]} 31. Qxc5
{[%clk 0:29:35]} bxc5 {[%clk 0:20:24]} 32. f3 {[%clk 0:29:43]} Nf8
{[%clk 0:19:51]} 33. Bf2 {[%clk 0:29:11]} Ne6 {[%clk 0:19:52]} 34. Be2
{[%clk 0:24:45]} Rb8 {[%clk 0:18:59]} 35. Bd3 Rb3 {[%clk 0:17:18]} 36. Be2
{[%clk 0:18:54]} Nd4 {[%clk 0:14:01]} 37. Bxd4 {[%clk 0:18:22]} exd4
{[%clk 0:14:20]} 38. Bd1 {[%clk 0:15:58]} Rb2 {[%clk 0:14:33]} 39. h4
{[%clk 0:15:12]} Kf7 {[%clk 0:14:38]} 40. h5 {[%clk 0:15:38]} g6 {[%clk 0:14:52]}
41. hxg6+ {[%clk 0:15:55]} hxg6 {[%clk 0:15:21]} 42. Kf1 {[%clk 0:16:02]} Ke6
{[%clk 0:15:47]} 43. Be2 {[%clk 0:15:40]} Ke5 {[%clk 0:16:00]} 44. Rd1
{[%clk 0:15:32]} Ba4 {[%clk 0:15:39]} 45. Rd3 {[%clk 0:15:06]} Rc2
{[%clk 0:14:58]} 46. f4+ {[%clk 0:12:23]} Kxf4 {[%clk 0:13:10]} 47. Rf3+
{[%clk 0:11:40]} Ke5 {[%clk 0:13:27]} 48. g5 {[%clk 0:09:17]} fxg5
{[%clk 0:13:52]} 49. Rf7 {[%clk 0:09:42]} a5 {[%clk 0:13:22]} 50. Rc7
{[%clk 0:09:40]} Kxe4 {[%clk 0:12:57]} 51. Rxc5 {[%clk 0:09:52]} d3
{[%clk 0:12:40]} 52. Bg4 {[%clk 0:09:35]} Kf4 {[%clk 0:12:29]} 53. Rxa5
{[%clk 0:07:16]} Kxg4 {[%clk 0:12:48]} 54. Rxa4 {[%clk 0:07:34]} Rc1+
{[%clk 0:13:10]} 55. Kf2 {[%clk 0:07:56]} d2 {[%clk 0:13:34]} 56. c5+
{[%clk 0:08:14]} Kf5 {[%clk 0:13:53]} 0-1

[Event "Open C"]
[Site "Polanica-Zdroj"]
[Date "2017.08.22"]
[Round "4.1"]
[White "Dzieczkaniec, Piotr"]
[Black "Pyka, Roman"]
[Result "1/2-1/2"]
[BlackElo "1991"]
[WhiteElo "1856"]
[LiveChessVersion "1.4.8"]

1. Nc3 {[%clk 1:09:17]} c5 {[%clk 1:26:57]} 2. e4 {[%clk 1:09:39]} g6
{[%clk 1:27:00]} 3. g3 {[%clk 1:09:32]} Bg7 {[%clk 1:27:21]} 4. Bg2
{[%clk 1:09:59]} Nc6 {[%clk 1:27:41]} 5. Nge2 {[%clk 1:10:03]} d6
{[%clk 1:27:53]} 6. O-O {[%clk 1:10:17]} Nf6 {[%clk 1:28:10]} 7. d3
{[%clk 1:10:23]} O-O {[%clk 1:28:23]} 8. f4 {[%clk 1:10:16]} Bg4 {[%clk 1:25:12]}
9. h3 {[%clk 1:10:25]} Bd7 {[%clk 1:21:48]} 10. Kh2 {[%clk 1:08:53]} e6
{[%clk 1:20:29]} 11. Be3 {[%clk 1:08:54]} a6 {[%clk 1:20:20]} 12. d4
{[%clk 1:00:27]} cxd4 {[%clk 1:18:57]} 13. Nxd4 {[%clk 0:58:35]} Qc7
{[%clk 1:16:51]} 14. Qd2 {[%clk 0:47:23]} Rac8 {[%clk 1:13:23]} 15. Nxc6
{[%clk 0:39:37]} Bxc6 {[%clk 1:13:14]} 16. Bd4 {[%clk 0:38:05]} 1/2-1/2

[Event "Open C"]
[Site "Polanica-Zdroj"]
[Date "2017.08.22"]
[Round "4.2"]
[White "Butyrowski, Marcel"]
[Black "Budnik, Mateusz"]
[Result "1/2-1/2"]
[BlackElo "1987"]
[WhiteElo "1830"]
[LiveChessVersion "1.4.8"]

1. Nf3 {[%clk 1:30:56]} c5 {[%clk 1:22:27]} 2. c4 {[%clk 1:30:47]} Nf6
{[%clk 1:22:25]} 3. g3 {[%clk 1:30:10]} g6 {[%clk 1:22:34]} 4. b3
{[%clk 1:30:21]} Bg7 {[%clk 1:22:50]} 5. Bb2 {[%clk 1:30:39]} Nc6
{[%clk 1:22:54]} 6. Bg2 {[%clk 1:30:12]} O-O {[%clk 1:23:13]} 7. O-O
{[%clk 1:29:31]} d6 {[%clk 1:22:32]} 8. d4 {[%clk 1:27:54]} cxd4 {[%clk 1:22:55]}
9. Nxd4 {[%clk 1:28:14]} Bd7 {[%clk 1:23:14]} 10. Nc3 {[%clk 1:27:41]} Rc8
{[%clk 1:18:49]} 11. Qd2 {[%clk 1:19:47]} a6 {[%clk 1:17:26]} 12. Rac1
{[%clk 1:18:45]} Qb6 {[%clk 1:15:49]} 13. Nxc6 {[%clk 1:03:04]} Bxc6
{[%clk 1:13:13]} 14. e4 {[%clk 1:00:47]} Qb4 {[%clk 1:07:26]} 15. Qe2
{[%clk 0:58:53]} Rfe8 {[%clk 1:04:37]} 16. f4 {[%clk 0:48:43]} Nd7
{[%clk 0:49:48]} 17. Kh1 {[%clk 0:36:35]} Qa5 {[%clk 0:47:55]} 18. Bh3
{[%clk 0:31:20]} Rcd8 {[%clk 0:43:22]} 19. a3 {[%clk 0:28:38]} b5
{[%clk 0:36:56]} 20. b4 {[%clk 0:26:26]} Qb6 {[%clk 0:37:18]} 21. Nd5
{[%clk 0:23:00]} Qb7 {[%clk 0:33:40]} 22. Bxg7 Kxg7 {[%clk 0:34:03]} 23. Rfd1
{[%clk 0:19:09]} Bxd5 {[%clk 0:25:51]} 24. cxd5 {[%clk 0:16:18]} Rc8
{[%clk 0:23:47]} 25. Qb2+ {[%clk 0:15:25]} Kg8 {[%clk 0:24:11]} 26. Qd4
{[%clk 0:15:05]} Rxc1 {[%clk 0:23:10]} 27. Rxc1 {[%clk 0:15:30]} Rc8
{[%clk 0:23:27]} 28. Rxc8+ {[%clk 0:15:21]} Qxc8 {[%clk 0:23:51]} 29. Bxd7
{[%clk 0:14:05]} Qxd7 {[%clk 0:24:12]} 30. Qb6 {[%clk 0:14:11]} Qg4
{[%clk 0:23:02]} 31. Qd8+ {[%clk 0:14:06]} Kg7 {[%clk 0:23:26]} 32. Qxe7
{[%clk 0:14:18]} Qf3+ {[%clk 0:23:28]} 33. Kg1 {[%clk 0:14:35]} Qe3+
{[%clk 0:23:46]} 34. Kg2 {[%clk 0:14:38]} Qe2+ {[%clk 0:24:08]} 35. Kh3
{[%clk 0:13:10]} Qh5+ {[%clk 0:24:26]} 36. Qh4 1/2-1/2

[Event "Open C"]
[Site "Polanica-Zdroj"]
[Date "2017.08.22"]
[Round "4.3"]
[White "Darowicki, Mariusz"]
[Black "Cap, Piotr"]
[Result "1-0"]
[BlackElo "1793"]
[WhiteElo "1942"]
[LiveChessVersion "1.4.8"]

1. d4 {[%clk 1:30:54]} d6 {[%clk 1:30:49]} 2. e4 {[%clk 1:31:07]} c6
{[%clk 1:31:09]} 3. Nc3 {[%clk 1:30:44]} Qc7 {[%clk 1:31:20]} 4. f4
{[%clk 1:29:50]} e5 {[%clk 1:31:09]} 5. Nf3 {[%clk 1:28:59]} Nd7 {[%clk 1:30:15]}
6. Bc4 {[%clk 1:26:45]} Be7 {[%clk 1:30:15]} 7. fxe5 {[%clk 1:22:38]} dxe5
{[%clk 1:30:25]} 8. dxe5 {[%clk 1:20:47]} Nxe5 {[%clk 1:30:12]} 9. Bf4
{[%clk 1:20:10]} Nd3+ {[%clk 1:24:09]} 10. Qxd3 {[%clk 1:20:24]} Qxf4
{[%clk 1:24:25]} 11. O-O {[%clk 1:18:45]} Nh6 {[%clk 1:15:19]} 12. Ne2
{[%clk 1:08:52]} Qc7 {[%clk 1:12:41]} 13. Ned4 {[%clk 1:01:46]} O-O
{[%clk 1:11:31]} 14. c3 {[%clk 0:51:19]} Ng4 {[%clk 1:06:39]} 15. e5
{[%clk 0:37:31]} Bc5 {[%clk 0:56:37]} 16. Ng5 {[%clk 0:31:58]} g6
{[%clk 0:49:54]} 17. Rxf7 {[%clk 0:25:25]} Rxf7 {[%clk 0:50:09]} 18. Nxf7
{[%clk 0:24:09]} Kg7 {[%clk 0:48:51]} 19. Qe2 {[%clk 0:16:42]} Bd7
{[%clk 0:39:33]} 20. h3 {[%clk 0:15:38]} Nh6 {[%clk 0:35:03]} 21. Nxh6
{[%clk 0:15:59]} Kxh6 {[%clk 0:35:23]} 22. Rf1 {[%clk 0:14:44]} Bf5
{[%clk 0:31:28]} 23. Qe3+ {[%clk 0:15:00]} 1-0

[Event "Open C"]
[Site "Polanica-Zdroj"]
[Date "2017.08.22"]
[Round "4.4"]
[White "Tokmantsev, Ivan"]
[Black "Bartoszewicz, Marcin"]
[Result "1-0"]
[BlackElo "1875"]
[WhiteElo "1711"]
[LiveChessVersion "1.4.8"]

1. d4 {[%clk 1:30:57]} Nf6 {[%clk 1:30:24]} 2. c4 {[%clk 1:31:14]} g6
{[%clk 1:30:27]} 3. Nc3 {[%clk 1:30:06]} Bg7 {[%clk 1:30:44]} 4. e4
{[%clk 1:30:23]} d6 {[%clk 1:30:53]} 5. f3 {[%clk 1:30:22]} O-O {[%clk 1:30:57]}
6. Be3 {[%clk 1:30:13]} c6 {[%clk 1:26:50]} 7. Nge2 {[%clk 1:29:41]} a6
{[%clk 1:26:39]} 8. Qd2 {[%clk 1:29:16]} b5 {[%clk 1:26:12]} 9. h4
{[%clk 1:28:55]} h5 {[%clk 1:22:36]} 10. O-O-O {[%clk 1:29:05]} Qc7
{[%clk 1:04:24]} 11. Rg1 {[%clk 1:27:22]} Nbd7 {[%clk 0:59:21]} 12. g4
{[%clk 1:27:06]} Nb6 {[%clk 0:57:30]} 13. Nf4 {[%clk 1:23:30]} e5
{[%clk 0:53:19]} 14. Nxh5 {[%clk 1:16:21]} gxh5 {[%clk 0:39:53]} 15. gxh5
{[%clk 1:16:31]} Nxh5 {[%clk 0:38:55]} 16. Rg5 {[%clk 1:16:12]} Nf4
{[%clk 0:38:30]} 17. Bxf4 {[%clk 1:15:08]} exf4 {[%clk 0:38:52]} 18. Qxf4
{[%clk 1:15:26]} f6 {[%clk 0:37:09]} 19. Rg2 {[%clk 1:14:45]} Kh7
{[%clk 0:35:56]} 20. Kb1 {[%clk 1:13:11]} Qf7 {[%clk 0:26:57]} 21. Qxd6
{[%clk 1:08:52]} Nxc4 {[%clk 0:26:25]} 22. Bxc4 {[%clk 1:08:36]} bxc4
{[%clk 0:25:59]} 23. Rdg1 {[%clk 1:08:18]} Bh6 {[%clk 0:25:19]} 24. Qxc6
{[%clk 1:07:28]} Bb7 {[%clk 0:25:12]} 25. Qc5 {[%clk 1:06:10]} f5
{[%clk 0:21:10]} 26. Rg6 {[%clk 1:01:17]} Rg8 {[%clk 0:19:16]} 27. h5
{[%clk 1:01:30]} Be3 {[%clk 0:17:48]} 28. Re1 {[%clk 0:49:54]} Bd2
{[%clk 0:16:47]} 29. Re2 {[%clk 0:43:14]} Bxc3 {[%clk 0:12:27]} 30. Qb6
{[%clk 0:42:29]} Rg7 {[%clk 0:11:39]} 31. Reg2 Bxd4 32. Qxd4 1-0

[Event "Open C"]
[Site "Polanica-Zdroj"]
[Date "2017.08.22"]
[Round "4.5"]
[White "Slabek, Grzegorz"]
[Black "Raclawicki, Kacper"]
[Result "1/2-1/2"]
[BlackElo "1722"]
[WhiteElo "2000"]
[LiveChessVersion "1.4.8"]

1. Nf3 {[%clk 1:30:57]} Nf6 {[%clk 1:30:38]} 2. d4 {[%clk 1:31:16]} g6
{[%clk 1:30:47]} 3. b4 {[%clk 1:31:39]} Bg7 {[%clk 1:30:24]} 4. Bb2
{[%clk 1:32:03]} b6 {[%clk 1:30:05]} 5. e3 {[%clk 1:32:23]} Bb7 {[%clk 1:30:21]}
6. Be2 {[%clk 1:32:43]} O-O {[%clk 1:30:03]} 7. O-O {[%clk 1:33:08]} d6
{[%clk 1:28:02]} 8. c4 {[%clk 1:33:18]} c5 {[%clk 1:27:16]} 9. dxc5
{[%clk 1:33:29]} dxc5 {[%clk 1:25:30]} 10. b5 {[%clk 1:33:51]} Nbd7
{[%clk 1:22:30]} 11. Nbd2 {[%clk 1:33:50]} Qc7 {[%clk 1:17:05]} 12. Qc2
{[%clk 1:34:12]} Rfe8 {[%clk 0:58:38]} 13. a4 {[%clk 1:31:06]} a6
{[%clk 0:53:52]} 14. Bc3 {[%clk 1:30:14]} a5 {[%clk 0:38:31]} 15. Rad1
{[%clk 1:28:16]} Rad8 {[%clk 0:38:20]} 16. Rfe1 {[%clk 1:28:11]} Ne4
{[%clk 0:26:30]} 17. Bxg7 {[%clk 1:25:41]} Nxd2 {[%clk 0:26:45]} 18. Bc3
{[%clk 1:23:32]} Nxf3+ {[%clk 0:26:09]} 19. Bxf3 {[%clk 1:23:57]} Bxf3
{[%clk 0:25:53]} 20. gxf3 {[%clk 1:24:20]} f6 {[%clk 0:16:46]} 21. f4
{[%clk 1:21:40]} Kf7 {[%clk 0:13:04]} 22. Qe4 {[%clk 1:21:32]} Nf8
{[%clk 0:12:35]} 23. f5 {[%clk 1:21:07]} Rxd1 {[%clk 0:05:24]} 24. Rxd1
{[%clk 1:21:07]} Rd8 {[%clk 0:05:47]} 25. Rd5 {[%clk 1:21:19]} Rxd5
{[%clk 0:03:31]} 26. Qxd5+ {[%clk 1:20:25]} Kg7 {[%clk 0:03:35]} 27. fxg6
{[%clk 1:19:46]} hxg6 {[%clk 0:03:03]} 28. f3 {[%clk 1:14:33]} Qd7
{[%clk 0:01:54]} 29. e4 {[%clk 1:14:35]} e6 {[%clk 0:01:22]} 30. Qxd7+
{[%clk 1:13:21]} Nxd7 {[%clk 0:01:51]} 31. Kf2 {[%clk 1:13:21]} e5
{[%clk 0:01:08]} 32. Ke3 {[%clk 1:13:12]} g5 {[%clk 0:01:18]} 33. Be1
{[%clk 1:13:28]} Nf8 {[%clk 0:00:50]} 34. h4 {[%clk 1:13:42]} Kg6
{[%clk 0:01:09]} 35. hxg5 {[%clk 1:13:54]} Kxg5 {[%clk 0:01:30]} 36. Bg3
{[%clk 1:12:19]} Ne6 {[%clk 0:01:38]} 37. Bh2 {[%clk 1:12:39]} Nf4
{[%clk 0:00:44]} 38. Bxf4+ exf4+ 39. e5 fxe5+ 1/2-1/2

[Event "Open C"]
[Site "Polanica-Zdroj"]
[Date "2017.08.22"]
[Round "4.6"]
[White "Szylko, Waldemar"]
[Black "Rak, Maciej"]
[Result "1-0"]
[BlackElo "1727"]
[WhiteElo "1989"]
[LiveChessVersion "1.4.8"]

1. e4 {[%clk 1:30:54]} c5 {[%clk 1:30:43]} 2. Nc3 {[%clk 1:31:07]} e6
{[%clk 1:30:53]} 3. g3 {[%clk 1:31:16]} d5 {[%clk 1:30:30]} 4. Bg2
{[%clk 1:31:21]} Nf6 {[%clk 1:27:47]} 5. d3 {[%clk 1:31:05]} Be7 {[%clk 1:23:47]}
6. f4 {[%clk 1:28:47]} Nc6 {[%clk 1:23:07]} 7. e5 {[%clk 1:27:51]} Nd7
{[%clk 1:23:15]} 8. Nf3 {[%clk 1:28:01]} b5 {[%clk 1:20:39]} 9. O-O
{[%clk 1:26:13]} Qb6 {[%clk 1:20:21]} 10. Kh1 {[%clk 1:24:47]} Bb7
{[%clk 1:16:03]} 11. Bd2 {[%clk 1:19:44]} h6 {[%clk 1:08:43]} 12. a3
{[%clk 1:02:07]} O-O-O {[%clk 1:03:37]} 13. Be1 {[%clk 0:59:34]} g5
{[%clk 0:57:10]} 14. f5 {[%clk 0:57:03]} Ncxe5 {[%clk 0:43:11]} 15. fxe6
{[%clk 0:53:54]} fxe6 {[%clk 0:42:36]} 16. Nxe5 {[%clk 0:53:38]} Nxe5
{[%clk 0:42:43]} 17. Qe2 {[%clk 0:53:22]} Bd6 {[%clk 0:34:28]} 18. Rf6
{[%clk 0:47:45]} Bb8 {[%clk 0:29:58]} 19. Bf2 {[%clk 0:47:21]} d4
{[%clk 0:29:07]} 20. Ne4 {[%clk 0:47:01]} Rdf8 {[%clk 0:27:11]} 21. Rxf8+
{[%clk 0:45:56]} Rxf8 {[%clk 0:27:38]} 22. Bg1 {[%clk 0:45:23]} Qc7
{[%clk 0:23:52]} 23. Rf1 {[%clk 0:43:54]} Qe7 {[%clk 0:23:36]} 24. b4
{[%clk 0:41:08]} cxb4 {[%clk 0:18:57]} 25. Bxd4 {[%clk 0:39:23]} Rxf1+
{[%clk 0:15:56]} 26. Qxf1 {[%clk 0:39:51]} Nd7 {[%clk 0:14:56]} 27. axb4
{[%clk 0:37:41]} Qxb4 {[%clk 0:13:34]} 28. Qa1 {[%clk 0:34:13]} a6
{[%clk 0:12:30]} 29. Bc3 {[%clk 0:33:07]} Qa4 {[%clk 0:06:25]} 30. Qb2
{[%clk 0:29:29]} g4 {[%clk 0:03:14]} 31. Bb4 {[%clk 0:23:54]} Bd5
{[%clk 0:00:44]} 32. Nc3 {[%clk 0:23:03]} Be5 {[%clk 0:00:33]} 33. Nxa4
{[%clk 0:22:50]} Bxb2 {[%clk 0:00:36]} 34. Nxb2 {[%clk 0:23:17]} Nb6
{[%clk 0:00:35]} 35. Kg1 {[%clk 0:22:14]} Bxg2 {[%clk 0:00:47]} 36. Kxg2
{[%clk 0:22:42]} Nd5 {[%clk 0:01:12]} 37. Bd2 {[%clk 0:22:54]} h5
{[%clk 0:00:57]} 38. c4 {[%clk 0:22:32]} Ne7 {[%clk 0:00:48]} 39. Kf2
{[%clk 0:20:43]} Nf5 {[%clk 0:00:38]} 40. Bc3 {[%clk 0:20:49]} Kb7
{[%clk 0:00:32]} 41. Nd1 {[%clk 0:20:17]} Kb6 {[%clk 0:00:31]} 42. cxb5
{[%clk 0:20:25]} axb5 {[%clk 0:00:40]} 43. Ne3 {[%clk 0:20:36]} Ne7
{[%clk 0:00:37]} 44. Bf6 {[%clk 0:20:05]} Nc6 {[%clk 0:00:34]} 45. Nc2
{[%clk 0:19:34]} b4 {[%clk 0:00:33]} 46. Nd4 {[%clk 0:19:11]} Nxd4
{[%clk 0:00:32]} 47. Bxd4+ {[%clk 0:19:39]} Kc6 {[%clk 0:00:39]} 48. Ke3
{[%clk 0:19:41]} Kd5 {[%clk 0:00:50]} 49. Bb2 {[%clk 0:19:56]} e5
{[%clk 0:00:39]} 50. Ba1 {[%clk 0:20:12]} b3 {[%clk 0:00:32]} 51. Bb2
{[%clk 0:20:31]} e4 {[%clk 0:00:33]} 52. dxe4+ {[%clk 0:20:46]} Kc4
{[%clk 0:00:50]} 53. e5 {[%clk 0:20:53]} Kd5 {[%clk 0:00:49]} 54. Ke4+ 1-0